| 000 | 00967nam a22002535i 4500 | ||
|---|---|---|---|
| 001 | 165681 | ||
| 003 | ES-MaACL | ||
| 005 | 20250815062650.0 | ||
| 008 | 960508s18901900sp |||| | spa d | ||
| 040 |
_aCLM _bspa _cCLM |
||
| 100 | 1 |
_aSpencer, Herbert, _d1820-1903 _9107684 |
|
| 245 | 1 | 3 |
_aLa moral de los diversos pueblos y la moral personal / _cpor H. Spencer ; traducción y notas por José de Caso. |
| 250 | _a4ª ed. | ||
| 260 |
_aMadrid : _bLa España Moderna, _c[s.a.] ( _fImprenta de Gabriel López del Horno) |
||
| 300 |
_a327 p. ; _c23 cm. |
||
| 490 | 1 | _aBiblioteca de Jurisprudencia, Filosofía e Historia | |
| 596 | 1 | _aEn el prólogo consta 1892. | |
| 596 | _aLa España Moderna ejerce como editorial ca. 1890-1900. | ||
| 650 | 7 |
_aÉtica _2embne _912577 |
|
| 700 | 1 | 1 |
_aCaso, José de, _etrad. _936323 |
| 830 | 0 | 0 |
_aBiblioteca de jurisprudencia, filosofía e historia _9180691 |
| 852 |
_aES-MaACL _jF-14966 _z-- Rúst. |
||
| 999 |
_c165681 _d165681 |
||